000 00277nam a2200109Ia 4500
001 1276692
005 20260417160452.0
008 260417s9999 xx 000 0 und d
020 _a9786059604734
245 0 _aSözcük Korsanı
_cAşkın Güngör
260 _bTudem Yayınları
999 _c1276692
_d1276692